000 01033nam a22003137a 4500
003 CHAP
005 20220817041937.0
008 971013s1985 r 00010 d
010 _a29556
011 _a30528
035 _a34640
040 _cCHAP
090 _aFolleto 11304
100 0 0 _aMagaña Torres, Octavio Salvador.
_969813
245 _aUtilización de retardantes de control de incendios forestales
260 _aMéxico, D.F. :
_bInstituto Nacional de Investigaciones Forestales,
_c1985
300 _a15 p
490 _aBoletín divulgativo
_v; 69
590 _aBATCH-UPD
_b10
_c20130110
_lUCH01
_h1315
590 _aBATCH-UPD
_b10
_c20130410
_lUCH01
_h0827
590 _aBATCH-UPD
_b10
_c20130914
_lUCH01
_h0651
590 _aCONVERSION
_b10
_c20130109
_lUCH01
_h1317
650 1 4 _aBosques
_xIncendios.
_914211
830 0 _aBoletín divulgativo
_v; 69
901 _aBK
942 _cFOLL
949 _aFolleto 11304
_bBC
_cFOLL
_d-80119
_eTS1
_i34640
_si
949 _aFolleto 11304
_bBC
_cFOLL
_d-80120
_eTS2
_fc.2
_i34640
_mD
_si
999 _c29556
_d29556